BIBLIOTECA “JULIO CORTÁZAR”
ESCUELA AGROTÉCNICA “LIBERTADOR GENERAL SAN MARTÍN” - UNR – CASILDA

Logo Escuela Logo UNR

Biología 1 : (Record no. 69)

MARC details
000 -LEADER
campo de control de longitud fija 00795nam#a22003015ar4500
001 - NÚMERO DE CONTROL
campo de control 69
008 - DATOS DE LONGITUD FIJA--INFORMACIÓN GENERAL
campo de control de longitud fija 051013s1981####ag#a###d|b###|||1#|bspa||
080 ## - NÚMERO DE LA CLASIFICACIÓN DECIMAL UNIVERSAL
Número de la Clasificación Decimal Universal 573.6
084 ## - OTRO NÚMERO DE CLASIFICACIÓN
Número de clasificación Z46 e1
040 ## - FUENTE DE CATALOGACIÓN
Centro catalogador/agencia de origen AR-ClEAG
Centro/agencia transcriptor AR-ClEAG
005 - FECHA Y HORA DE LA ÚLTIMA TRANSACCIÓN
campo de control 20241107184623.0
003 - IDENTIFICADOR DE NÚMERO DE CONTROL
campo de control AR-ClEAG
100 1# - ENTRADA PRINCIPAL--NOMBRE DE PERSONA
Nombre de persona Zarur, Pedro.
245 10 - MENCIÓN DEL TÍTULO
Título Biología 1 :
Resto del título Los organismos vivientes y su ambiente /
Mención de responsabilidad, etc. Pedro Zarur.
250 ## - MENCION DE EDICION
Mención de edición 12ª ed.
260 ## - PUBLICACIÓN, DISTRIBUCIÓN, ETC.
Lugar de publicación, distribución, etc. Buenos Aires :
Nombre del editor, distribuidor, etc. Plus Ultra,
Fecha de publicación, distribución, etc. 1981.
300 ## - DESCRIPCIÓN FÍSICA
Extensión 245 p. :
Otras características físicas il. ;
Dimensiones 17 cm.
521 ## - NOTA DE PÚBLICO DESTINATARIO
Nota de público destinatario Primer año ciclo básico común. Escuelas nacionales de comercio
653 ## - TÉRMINO DE INDIZACIÓN--NO CONTROLADO
Término no controlado Ecosistemas
653 ## - TÉRMINO DE INDIZACIÓN--NO CONTROLADO
Término no controlado Agua
653 ## - TÉRMINO DE INDIZACIÓN--NO CONTROLADO
Término no controlado Vida
653 ## - TÉRMINO DE INDIZACIÓN--NO CONTROLADO
Término no controlado Aire
653 ## - TÉRMINO DE INDIZACIÓN--NO CONTROLADO
Término no controlado Atmosfera
653 ## - TÉRMINO DE INDIZACIÓN--NO CONTROLADO
Término no controlado Materia
653 ## - TÉRMINO DE INDIZACIÓN--NO CONTROLADO
Término no controlado Pirámide ecológica
653 ## - TÉRMINO DE INDIZACIÓN--NO CONTROLADO
Término no controlado Ciencias Biológicas
942 ## - ELEMENTOS DE ENTRADA SECUNDARIOS (KOHA)
Tipo de ítem Koha Libros
980 ## - EQUIVALENCIA O REFERENCIA-CRUZADA-MENCIÓN DE SERIE--NOMBRE DE PERSONA/TÍTULO [LOCAL, CANADÁ]
Enlace 2
Nombre de persona Evangelina Gallicchio
Enlace entre campo y número de secuencia 2
Información miscelánea Evangelina Gallicchio
Holdings
Estatus retirado Estado de pérdida Fuente del sistema de clasificación o colocación Estado de daño No para préstamo Biblioteca de origen Biblioteca actual Ubicación en estantería Fecha de adquisición Número de inventario Total de préstamos Signatura topográfica completa Código de barras Visto por última vez Precio de reemplazo Tipo de ítem Koha
    Clasificación decimal universal     Julio Cortázar Julio Cortázar   07/11/2024 379   R7 573.6 Z46 e1 1 Ej.1 379 07/11/2024 07/11/2024 Libros

Contacto

Biblioteca Julio Cortázar. Escuela Agrotécnica "Libertador San Martín". Universidad Nacional de Rosario
Dirección: Ov. Lagos 1000 - 2170 Casilda - Santa Fe - Argentina
Tel: (54) (03464) 422226.
Fax: (54) (03464) 427789.
E-Mail: biblio-eac@unr.edu.ar